| 000 | 00639nam a22002177a 4500 | ||
|---|---|---|---|
| 999 |
_c15798 _d15798 |
||
| 003 | AR-CdUCM | ||
| 008 | 190430b ||||| |||| 00| 0 spa d | ||
| 020 | _a84-402-08-06-5 | ||
| 040 |
_aMUNICIPALIDAD PROVINCIAL DEL CUSCO _cBIBLIOTECA MUNICIPAL DEL CUSCO |
||
| 082 |
_a750 / _bC25 |
||
| 100 |
_aCanaletto _934997 |
||
| 245 | _aEntender la pintura / | ||
| 260 |
_aMéxico : _bIntermex, _c1994. |
||
| 300 |
_a32 paginas ; _bIlustraciones, _c28 cm. |
||
| 500 | _aNota : La pintura arte mundial | ||
| 650 |
_aPintura _93081 |
||
| 650 |
_aArte _9561 |
||
| 650 |
_aLos dibujos _934998 |
||
| 942 |
_2ddc _cLIBROS |
||
| 945 |
_awnts _d2019-04-30 |
||